ბათუმის შოთა რუსთაველის სახელმწიფო უნივერსიტეტის ბიბლიოთეკა

Синтаксис. Сложное предложение (ბიბ.ჩანაწერი № 40854)

000 -LEADER
fixed length control field 00952nam a2200229Ia 4500
001 - CONTROL NUMBER
control field 7495
003 - CONTROL NUMBER IDENTIFIER
control field GE_BSU
005 - DATE AND TIME OF LATEST TRANSACTION
control field 20221101114851.0
008 - FIXED-LENGTH DATA ELEMENTS--GENERAL INFORMATION
fixed length control field 181216s2013ru xx |||||||||||||| ||rus||
020 ## - INTERNATIONAL STANDARD BOOK NUMBER
International Standard Book Number 9789941434389
040 ## - CATALOGING SOURCE
Transcribing agency GE_BSU
041 ## - LANGUAGE CODE
Language code of text/sound track or separate title rus
080 ## - UNIVERSAL DECIMAL CLASSIFICATION NUMBER
Universal Decimal Classification number 811.161.1 А-95
100 ## - MAIN ENTRY--PERSONAL NAME
Personal name Ахвледиани, Мераб.
9 (RLIN) 6815
245 ## - TITLE STATEMENT
Title Синтаксис. Сложное предложение
Remainder of title Курс лекции. Учебное пособие для вузов /
Statement of responsibility, etc. Мераб Ахвледиани, Ред. Марине Арошидзе.
264 ## - PRODUCTION, PUBLICATION, DISTRIBUTION, MANUFACTURE, AND COPYRIGHT NOTICE
Place of production, publication, distribution, manufacture Батуми :
Name of producer, publisher, distributor, manufacturer Госуд.ун-т Шота Руставели,
Date of production, publication, distribution, manufacture, or copyright notice 2013.
300 ## - PHYSICAL DESCRIPTION
Extent 164 стр.:
Other physical details 21 см.
653 ## - INDEX TERM--UNCONTROLLED
keyword Синтаксис. Сложное предложение
653 ## - INDEX TERM--UNCONTROLLED
keyword Სინტაქსი. რთული წინადადება
700 ## - ADDED ENTRY--PERSONAL NAME
Personal name Арошидзе, Марине
Relator term რედაქტორი
9 (RLIN) 4902
942 ## - ADDED ENTRY ELEMENTS (KOHA)
Koha item type წიგნი
Source of classification or shelving scheme
ეგზემპლარები
Withdrawn status Lost status Source of classification or shelving scheme Damaged status Not for loan Permanent Location Current Location Shelving location Date acquired Cost, normal purchase price Full call number Barcode Date last seen Copy number Price effective from Koha item type Public note
          ბათუმის შოთა რუსთაველის სახელმწიფო უნივერსიტეტის მთავარი ბიბლიოთეკა ბათუმის შოთა რუსთაველის სახელმწიფო უნივერსიტეტის მთავარი ბიბლიოთეკა წიგნსაცავი 2018-12-17 4.00 811.161.1 А-95 7333 2018-12-17 7333 2018-12-17 წიგნი 4ლ.67თ.
          ბათუმის შოთა რუსთაველის სახელმწიფო უნივერსიტეტის მთავარი ბიბლიოთეკა ბათუმის შოთა რუსთაველის სახელმწიფო უნივერსიტეტის მთავარი ბიბლიოთეკა წიგნსაცავი 2018-12-17 4.00 811.161.1 А-95 7332 2018-12-17 7332 2018-12-17 წიგნი 4ლ.67თ.
          ბათუმის შოთა რუსთაველის სახელმწიფო უნივერსიტეტის მთავარი ბიბლიოთეკა ბათუმის შოთა რუსთაველის სახელმწიფო უნივერსიტეტის მთავარი ბიბლიოთეკა წიგნსაცავი 2018-12-17 4.00 811.161.1 А-95 7331 2018-12-17 7331 2018-12-17 წიგნი 4ლ.67თ.
          ბათუმის შოთა რუსთაველის სახელმწიფო უნივერსიტეტის მთავარი ბიბლიოთეკა ბათუმის შოთა რუსთაველის სახელმწიფო უნივერსიტეტის მთავარი ბიბლიოთეკა წიგნსაცავი 2018-12-17 4.00 811.161.1 А-95 7330 2018-12-17 7330 2018-12-17 წიგნი 4ლ.67თ.
          ბათუმის შოთა რუსთაველის სახელმწიფო უნივერსიტეტის მთავარი ბიბლიოთეკა ბათუმის შოთა რუსთაველის სახელმწიფო უნივერსიტეტის მთავარი ბიბლიოთეკა წიგნსაცავი 2018-12-17 4.00 811.161.1 А-95 7329 2018-12-17 7329 2018-12-17 წიგნი 4ლ.67თ.